<?xml version="1.0" encoding="UTF-8"?>
<record
    xmlns:xsi="http://www.w3.org/2001/XMLSchema-instance"
    xsi:schemaLocation="http://www.loc.gov/MARC21/slim http://www.loc.gov/standards/marcxml/schema/MARC21slim.xsd"
    xmlns="http://www.loc.gov/MARC21/slim">

  <leader>00721nam a22001337a 4500</leader>
  <datafield tag="040" ind1=" " ind2=" ">
    <subfield code="c">RUA</subfield>
  </datafield>
  <datafield tag="082" ind1=" " ind2=" ">
    <subfield code="a">AGR VAN 2017 B646 Or.1</subfield>
  </datafield>
  <datafield tag="100" ind1=" " ind2=" ">
    <subfield code="a">VANNA PANHARITH&#x200B; &#x179C;&#x178E;&#x17D2;&#x178E; &#x1794;&#x1789;&#x17D2;&#x1789;&#x179A;&#x17B7;&#x1791;&#x17D2;&#x1792;</subfield>
  </datafield>
  <datafield tag="245" ind1=" " ind2=" ">
    <subfield code="a">Hydroponics of different lettuce varieties on hydroponics growing teachnique at royal university of agriculture &#x1780;&#x17B6;&#x179A;&#x1794;&#x17D2;&#x179A;&#x17C0;&#x1794;&#x1792;&#x17C0;&#x1794;&#x1796;&#x17BC;&#x1787;&#x179F;&#x17B6;&#x179B;&#x17B6;&#x178A;&#x1781;&#x17BB;&#x179F;&#x17D7;&#x1782;&#x17D2;&#x1793;&#x17B6;&#x1794;&#x1785;&#x17D2;&#x1785;&#x17C1;&#x1780;&#x1791;&#x17C1;&#x179F; Hydroponics &#x1793;&#x17C5;&#x179F;&#x17B6;&#x1780;&#x179B;&#x179C;&#x17B7;&#x1791;&#x17D2;&#x1799;&#x17B6;&#x179B;&#x17D0;&#x1799;&#x1797;&#x17BC;&#x1798;&#x17B7;&#x1793;&#x17D2;&#x1791;&#x1780;&#x179F;&#x17B7;&#x1780;&#x1798;&#x17D2;&#x1798;</subfield>
  </datafield>
  <datafield tag="260" ind1=" " ind2=" ">
    <subfield code="a">RUA</subfield>
    <subfield code="b">Phnom penh</subfield>
    <subfield code="c">2017</subfield>
  </datafield>
  <datafield tag="300" ind1=" " ind2=" ">
    <subfield code="a">vii;25p</subfield>
    <subfield code="b">ill';</subfield>
    <subfield code="c">29cm</subfield>
  </datafield>
  <datafield tag="856" ind1=" " ind2=" ">
    <subfield code="u">https://drive.google.com/file/d/1vJ0-PJA5PeUwwg8JsSWZjNPtgwz2fXVc/view?usp=sharing</subfield>
  </datafield>
  <datafield tag="942" ind1=" " ind2=" ">
    <subfield code="c">AGR</subfield>
  </datafield>
  <datafield tag="999" ind1=" " ind2=" ">
    <subfield code="c">18200</subfield>
    <subfield code="d">18200</subfield>
  </datafield>
  <datafield tag="952" ind1=" " ind2=" ">
    <subfield code="0">0</subfield>
    <subfield code="1">0</subfield>
    <subfield code="2">ddc</subfield>
    <subfield code="4">0</subfield>
    <subfield code="6">AGR_VAN_2017_000000000000000_B646_OR_1</subfield>
    <subfield code="7">0</subfield>
    <subfield code="9">81438</subfield>
    <subfield code="a">LBB</subfield>
    <subfield code="b">LBB</subfield>
    <subfield code="c">B646</subfield>
    <subfield code="d">2019-08-27</subfield>
    <subfield code="l">4</subfield>
    <subfield code="o">AGR VAN 2017 B646 Or.1</subfield>
    <subfield code="p">A43377</subfield>
    <subfield code="r">2023-01-02</subfield>
    <subfield code="s">2022-12-12</subfield>
    <subfield code="w">2019-08-27</subfield>
    <subfield code="y">AGR</subfield>
  </datafield>
  <datafield tag="952" ind1=" " ind2=" ">
    <subfield code="0">0</subfield>
    <subfield code="1">0</subfield>
    <subfield code="2">ddc</subfield>
    <subfield code="4">0</subfield>
    <subfield code="6">AGR_VAN_2017_000000000000000_B646_OR_2</subfield>
    <subfield code="7">0</subfield>
    <subfield code="9">81439</subfield>
    <subfield code="a">LBB</subfield>
    <subfield code="b">LBB</subfield>
    <subfield code="c">B646</subfield>
    <subfield code="d">2019-08-27</subfield>
    <subfield code="l">1</subfield>
    <subfield code="o">AGR VAN 2017 B646 Or.2</subfield>
    <subfield code="p">A43666</subfield>
    <subfield code="r">2023-08-07</subfield>
    <subfield code="s">2023-07-25</subfield>
    <subfield code="w">2019-08-27</subfield>
    <subfield code="y">AGR</subfield>
  </datafield>
  <datafield tag="952" ind1=" " ind2=" ">
    <subfield code="0">0</subfield>
    <subfield code="1">0</subfield>
    <subfield code="2">ddc</subfield>
    <subfield code="4">0</subfield>
    <subfield code="6">AGR_VAN_2017_000000000000000_B646_OR_3</subfield>
    <subfield code="7">0</subfield>
    <subfield code="9">81440</subfield>
    <subfield code="a">LBB</subfield>
    <subfield code="b">LBB</subfield>
    <subfield code="c">B646</subfield>
    <subfield code="d">2019-08-27</subfield>
    <subfield code="o">AGR VAN 2017 B646 Or.3</subfield>
    <subfield code="p">A43741</subfield>
    <subfield code="r">2019-08-27</subfield>
    <subfield code="w">2019-08-27</subfield>
    <subfield code="y">AGR</subfield>
  </datafield>
  <datafield tag="952" ind1=" " ind2=" ">
    <subfield code="0">0</subfield>
    <subfield code="1">0</subfield>
    <subfield code="2">ddc</subfield>
    <subfield code="4">0</subfield>
    <subfield code="6">AGR_VAN_2017_000000000000000_B646_OR_4</subfield>
    <subfield code="7">0</subfield>
    <subfield code="9">81441</subfield>
    <subfield code="a">LBB</subfield>
    <subfield code="b">LBB</subfield>
    <subfield code="c">B646</subfield>
    <subfield code="d">2019-08-27</subfield>
    <subfield code="o">AGR VAN 2017 B646 Or.4</subfield>
    <subfield code="p">A43789</subfield>
    <subfield code="r">2019-08-27</subfield>
    <subfield code="w">2019-08-27</subfield>
    <subfield code="y">AGR</subfield>
  </datafield>
  <datafield tag="952" ind1=" " ind2=" ">
    <subfield code="0">0</subfield>
    <subfield code="1">0</subfield>
    <subfield code="2">ddc</subfield>
    <subfield code="4">0</subfield>
    <subfield code="6">AGR_VAN_2017_000000000000000_B646_OR_5</subfield>
    <subfield code="7">0</subfield>
    <subfield code="9">81442</subfield>
    <subfield code="a">LBB</subfield>
    <subfield code="b">LBB</subfield>
    <subfield code="c">B646</subfield>
    <subfield code="d">2019-08-27</subfield>
    <subfield code="l">2</subfield>
    <subfield code="o">AGR VAN 2017 B646 Or.5</subfield>
    <subfield code="p">A43685</subfield>
    <subfield code="q">2020-04-03</subfield>
    <subfield code="r">2020-02-28</subfield>
    <subfield code="s">2020-02-28</subfield>
    <subfield code="w">2019-08-27</subfield>
    <subfield code="y">AGR</subfield>
  </datafield>
  <datafield tag="952" ind1=" " ind2=" ">
    <subfield code="0">0</subfield>
    <subfield code="1">0</subfield>
    <subfield code="2">ddc</subfield>
    <subfield code="4">0</subfield>
    <subfield code="6">AGR_VAN_2017_000000000000000_B646_OR_6</subfield>
    <subfield code="7">0</subfield>
    <subfield code="9">81443</subfield>
    <subfield code="a">LBB</subfield>
    <subfield code="b">LBB</subfield>
    <subfield code="c">B646</subfield>
    <subfield code="d">2019-08-27</subfield>
    <subfield code="l">1</subfield>
    <subfield code="o">AGR VAN 2017 B646 Or.6</subfield>
    <subfield code="p">A43452</subfield>
    <subfield code="r">2023-09-22</subfield>
    <subfield code="s">2023-09-19</subfield>
    <subfield code="w">2019-08-27</subfield>
    <subfield code="y">AGR</subfield>
  </datafield>
</record>
